Farmacología humana / (Registro nro. 22019)
[ vista simple ]
| 000 -LEADER | |
|---|---|
| fixed length control field | 01173nam a2200313 4500 |
| 001 - CONTROL NUMBER | |
| control field | 0000022410 |
| 003 - CONTROL NUMBER IDENTIFIER | |
| control field | CO-CtgCURN |
| 005 - DATE AND TIME OF LATEST TRANSACTION | |
| control field | 20260320123415.0 |
| 007 - PHYSICAL DESCRIPTION FIXED FIELD--GENERAL INFORMATION | |
| fixed length control field | ta |
| 008 - FIXED-LENGTH DATA ELEMENTS--GENERAL INFORMATION | |
| fixed length control field | 160627s2004 000 0 eng d |
| 020 ## - INTERNATIONAL STANDARD BOOK NUMBER | |
| International Standard Book Number | 8445812904 |
| 040 ## - CATALOGING SOURCE | |
| Original cataloging agency | CO-CtgCURN |
| Language of cataloging | spa |
| Transcribing agency | coctgcurn |
| 082 0# - DEWEY DECIMAL CLASSIFICATION NUMBER | |
| Classification number | 615.1 |
| Item number | F657f |
| 245 00 - TITLE STATEMENT | |
| Title | Farmacología humana / |
| Statement of responsibility, etc. | director Jesus Flórez , directores asociados Juan Antonio Armijo, Africa Mediavilla. |
| 250 ## - EDITION STATEMENT | |
| Edition statement | 4a ed. |
| 260 ## - PUBLICATION, DISTRIBUTION, ETC. | |
| Place of publication, distribution, etc. | Barcelona : |
| Name of publisher, distributor, etc. | Masson, |
| Date of publication, distribution, etc. | 2004. |
| 300 ## - PHYSICAL DESCRIPTION | |
| Extent | xvi, 1400 p. |
| 336 ## - CONTENT TYPE | |
| Source | rdacontent |
| 337 ## - MEDIA TYPE | |
| Source | rdamedia |
| Media type term | sin mediacion |
| Media type code | n |
| 338 ## - CARRIER TYPE | |
| Source | rdacarrier |
| Carrier type term | volumen |
| Carrier type code | nc |
| 500 ## - GENERAL NOTE | |
| General note | Incluye indice. |
| 505 8# - FORMATTED CONTENTS NOTE | |
| Formatted contents note | Principios generales de Acción de los farmacos -- Sistema nervioso autonomo periferico -- Mediadores celulares, inflamacion e inmunidad -- Sistema nervioso central -- Aparato circulatorio -- Aparato respiratorio -- Aparato digestivo |
| 590 ## - LOCAL NOTE (RLIN) | |
| Local note | Farmacología (Odontología)<br/> |
| 650 14 - SUBJECT ADDED ENTRY--TOPICAL TERM | |
| Topical term or geographic name entry element | Farmacología. |
| 700 1# - ADDED ENTRY--PERSONAL NAME | |
| Personal name | Armijo, Juan Antonio. |
| 908 ## - PUT COMMAND PARAMETER (RLIN) | |
| Put command parameter | 160627 |
| 942 ## - ADDED ENTRY ELEMENTS (KOHA) | |
| Koha item type | Libros |
| Classification part | 615.1 |
| Item part | F657f |
| Source of classification or shelving scheme | Dewey Decimal Classification |
| Withdrawn status | Lost status | Source of classification or shelving scheme | Damaged status | Not for loan | Collection | Home library | Current library | Shelving location | Date acquired | Inventory number | Total checkouts | Full call number | Barcode | Date last seen | Price effective from | Koha item type | Public note |
|---|---|---|---|---|---|---|---|---|---|---|---|---|---|---|---|---|---|
| Dewey Decimal Classification | General | Miguel Henríquez Emiliani | Miguel Henríquez Emiliani | General | 03/31/2025 | 009739 | 615.1 F657f | 009739 | 03/31/2025 | 03/31/2025 | Libros | 610-CIENME |